| 000 | 01089nam0a22002531i 4500 | ||
|---|---|---|---|
| 001 | rc\939097 | ||
| 005 | 20260405155659.0 | ||
| 035 | _a(NLR Aleph) 006111731 | ||
| 090 |
_a5366396 _c5366396 |
||
| 100 | _a20041129d1982 u |0rusy50 ca | ||
| 101 | 0 | _arus | |
| 102 | _aRU | ||
| 105 | _ay ||||||||| | ||
| 200 | 1 |
_aПовышение роли библиотек в коммунистическом воспитании трудящихся _e(На опыте работы профсоюз. б-к в 1971-1980 гг.) _eАвтореф. дис. на соиск. учен. степ. канд. ист. наук _e(09.00.02) |
|
| 210 |
_aМ. _d1982 |
||
| 215 | _a23 с. | ||
| 300 | _aВ надзаг.: АОН при ЦК КПСС, Каф. идеол. работы | ||
| 320 | _aБиблиогр.: с. 22-23 (16 назв.) | ||
| 700 | 1 |
_7ca _8rus _aЗайцев _bВ. Г. _cканд. ист. наук _f1941- _gВалерий Григорьевич _949364 _3RU\NLR\AUTH\7766436 |
|
| 801 | 0 |
_aRU _bNLR _gpsbo |
|
| 801 | 1 |
_aRU _bELAR _2rusmarc |
|
| 852 |
_aNLR _bБ _j4000/З-177 |
||
| 942 | _cBOOK | ||